000 00743nam a22001817a 4500
005 20250924112229.0
100 _aJohnson, R.S.
245 _aImpact of cure system on the efficiency of reinforcement of natural rubber with insitu silanised silica with special reference to abrasion resistance: TBzTD based cure systems
260 _bInternational Rubber Conference-Rubber Con 2024: Sustainable Development in Rubber Industry-Challenges and Opportunities, 5-7 December 2024, Indian Rubber Institute, Kochi, India, p. 102.
300 _bAbstract only
650 _aSilica reonforcement
650 _aCure system
650 _aSilanisation
650 _aGreen tyre
700 _aMadhusoodanan, K.N.
700 _aGeorge, B.
942 _cJS
999 _c75654
_d75654